000 00352nam a22001097a 4500
082 _a900
100 _aबंसल ,कीर्ति
_983834
245 _aभारतीय विज्ञानं के रत्न सी.वी.रमन
260 _aभोपाल
_bआईसेक्ट
_c2023
650 _aजीवनी
942 _cHIN
999 _c68825
_d68825